Geography Quiz

Random Geography or City Quiz

3 Big Cities Quiz Stats

 Plays Quiz not verified by Sporcle

Score 0/28 Timer 10:00
0 Plays Today
Number of cities Country % Correct
9United States Of America
98.8%
27India
98.4%
144China
97.9%
15Brazil
97.1%
11Russia
97.1%
3Germany
95.9%
4Canada
95.5%
5Mexico
95.5%
13Japan
95.1%
4Argentina
92.2%
9South Korea
91.8%
5Australia
91.8%
6South Africa
91.4%
8Pakistan
90.1%
Number of cities Country % Correct
10Nigeria
90.1%
9Indonesia
89.7%
3Egypt
88.5%
6Iran
88.1%
5Turkey
84%
4Colombia
83.1%
5Iraq
81.5%
4Saudi Arabia
80.7%
4Bangladesh
80.2%
5Ukraine
73.7%
3Philippines
72%
3Democratic Republic Of The Congo
72%
3Venezuela
69.5%
3Morocco
62.6%

You're not logged in!

Compare scores with friends on all Sporcle quizzes.
OR
Log In

Sporcle TV

Today on Sporcle TV


Watch our educational content, quiz creation guides, and fun videos on Sporcle TV.

Show Comments

Extras

Top Quizzes Today


Score Distribution

Your Account Isn't Verified!

In order to create a playlist on Sporcle, you need to verify the email address you used during registration. Go to your Sporcle Settings to finish the process.

Report this User

Report this user for behavior that violates our Community Guidelines.

Details: